Current Events | 1 | 0.00 | 0% | 0% | 0% |
Fine Arts - Auditory Fine Arts | 5 | 18.00 | 100% | 80% | 0% |
Fine Arts - Other Fine Arts | 4 | 10.00 | 75% | 25% | 0% |
Fine Arts - Visual Fine Arts | 7 | 12.86 | 100% | 29% | 0% |
History - American History | 4 | 17.50 | 100% | 50% | 25% |
History - European History | 6 | 15.00 | 100% | 33% | 17% |
History - Other History | 4 | 7.50 | 75% | 0% | 0% |
History - World History | 6 | 10.00 | 83% | 17% | 0% |
Literature - American Literature | 7 | 18.57 | 100% | 57% | 29% |
Literature - British Literature | 3 | 16.67 | 100% | 67% | 0% |
Literature - European Literature | 7 | 21.43 | 100% | 100% | 14% |
Literature - World Literature | 7 | 15.71 | 100% | 57% | 0% |
Mythology | 5 | 20.00 | 80% | 100% | 20% |
Philosophy | 3 | 10.00 | 100% | 0% | 0% |
Pop Culture | 4 | 12.50 | 75% | 50% | 0% |
Religion | 4 | 15.00 | 100% | 25% | 25% |
Science - Biology | 7 | 11.43 | 86% | 29% | 0% |
Science - Chemistry | 8 | 12.50 | 88% | 25% | 13% |
Science - Other Science | 4 | 15.00 | 100% | 50% | 0% |
Science - Physics | 2 | 10.00 | 100% | 0% | 0% |
Social Science | 7 | 12.86 | 100% | 29% | 0% |